[Event "Crewe Alexandra op"]
[Site "Crewe Alexandra"]
[Date "2025.06.29"]
[Round "4"]
[White "Shivakumar, Akshath"]
[Black "Ackley, Peter JE"]
[Result "1/2-1/2"]
[WhiteElo "1838"]
[BlackElo "1976"]
[PlyCount "69"]
[EventDate "2025.06.27"]
[EventType "swiss"]
[EventRounds "5"]
[EventCountry "ENG"]
[SourceTitle "CB27_2025"]
[SourceDate "2025.07.02"]
[SourceVersion "1"]
[SourceVersionDate "2025.07.02"]
[SourceQuality "1"]

1. d4 d6 2. c4 g6 3. Nc3 Bg7 4. e4 e5 5. d5 a5 6. Be3 f5 7. exf5 gxf5 8. Qh5+ Kf8 9. Qe2 Nf6 10. g3 Na6 11. h4 h5 12. Nh3 Ng4 13. Ng5 Qf6 14. Bh3 Qg6 15. Bxg4 hxg4 16. f3 gxf3 17. Qxf3 Qh5 18. 0-0 Qxf3 19. Rxf3 Ke7 20. Re1 Bf6 21. Ref1 Bxg5 22. Bxg5+ Ke8 23. Ne4 b6 24. Nf6+ Kf7 25. Ng4 f4 26. Nf2 Nc5 27. gxf4 e4 28. Re3 Bf5 29. Rfe1 Rab8 30. a4 Rbe8 31. b3 Kg6 32. Kh2 Nd3 33. R1e2 Nxf2 34. Rxf2 Kf7 35. Rd2 1/2-1/2

[Event "Crewe Alexandra op"]
[Site "Crewe Alexandra"]
[Date "2025.06.27"]
[Round "5"]
[White "De Coverly, Roger D"]
[Black "Shivakumar, Akshath"]
[Result "1/2-1/2"]
[WhiteElo "1937"]
[BlackElo "1838"]
[PlyCount "106"]
[EventDate "2025.06.27"]
[EventType "swiss"]
[EventRounds "5"]
[EventCountry "ENG"]
[SourceTitle "CB27_2025"]
[SourceDate "2025.07.02"]
[SourceVersion "1"]
[SourceVersionDate "2025.07.02"]
[SourceQuality "1"]

1. e4 c5 2. Nf3 Nc6 3. g3 g6 4. Bg2 Bg7 5. 0-0 d6 6. d3 e5 7. c3 Nge7 8. a3 0-0 9. b4 h6 10. Nbd2 f5 11. exf5 Bxf5 12. Ne4 cxb4 13. axb4 d5 14. Nc5 b6 15. Nb3 Kh7 16. Re1 Rc8 17. b5 Na5 18. Nxa5 bxa5 19. Nxe5 Qc7 20. d4 Qxc3 21. Ba3 Rfe8 22. Bd6 Bc2 23. Qg4 Bf5 24. Qf4 g5 25. Qe3 Qxe3 26. Rxe3 Be4 27. Bxe7 Bxe5 28. Bxe4+ dxe4 29. dxe5 Rxe7 30. Rxe4 Rc5 31. Rxa5 a6 32. Rxa6 Rxb5 33. f4 g4 34. Kf2 Rb2+ 35. Re2 Rb3 36. Kg2 Rf3 37. Rea2 Rc3 38. Ra7 Rxa7 39. Rxa7+ Kg6 40. Ra6+ Kg7 41. f5 h5 42. Ra7+ Kg8 43. f6 Rc2+ 44. Kg1 Re2 45. Re7 Kf8 46. e6 Re4 47. Rf7+ Ke8 48. Rh7 Rxe6 49. Rxh5 Kf7 50. Rg5 Re4 51. Rf5 Rb4 52. Kf2 Re4 53. Kg2 Re2+ 1/2-1/2

[Event "Cambridge op 3rd"]
[Site "Cambridge"]
[Date "2025.05.26"]
[Round "2"]
[White "Shivakumar, Akshath"]
[Black "Iyengar, Ilya"]
[Result "0-1"]
[WhiteElo "1819"]
[BlackElo "1979"]
[PlyCount "144"]
[EventDate "2025.05.26"]
[EventType "tourn"]
[EventRounds "9"]
[EventCountry "ENG"]
[SourceTitle "CB23_2025"]
[SourceDate "2025.06.04"]
[SourceVersion "1"]
[SourceVersionDate "2025.06.04"]
[SourceQuality "1"]

1. d4 Nf6 2. c4 g6 3. Nc3 Bg7 4. e4 d6 5. f3 0-0 6. Be3 Nc6 7. Qd2 a6 8. Be2 Re8 9. Bd1 Rb8 10. Ba4 Bd7 11. Nge2 e5 12. Bxc6 exd4 13. Nxd4 bxc6 14. 0-0 c5 15. Nde2 Bc6 16. Rad1 Qc8 17. b3 a5 18. Bh6 Bh8 19. Nf4 a4 20. bxa4 Rb4 21. Qd3 Qa6 22. Nb5 Bxb5 23. axb5 Qxa2 24. Rc1 Nd7 25. Rc2 Bd4+ 26. Kh1 Qa7 27. Nd5 Ra4 28. Be3 Bg7 29. f4 Ra3 30. Nc3 Qa5 31. Bd2 Nb6 32. f5 Na4 33. Nxa4 Qxa4 34. Bc3 Qb3 35. fxg6 hxg6 36. Qd5 Re6 37. Rcf2 Qxc3 38. Rxf7 Qe5 39. Qc6 Re7 40. Rxe7 Qxe7 41. Qb7 Qd8 42. Qd5+ Kh7 43. Qf7 Qf8 44. Qxf8 Bxf8 45. g3 Kg7 46. Kg2 Ra4 47. Rc1 Kf6 48. Rf1+ Ke7 49. Rc1 Ke6 50. h4 Ke5 51. Rf1 Be7 52. Rf7 Ke6 53. Rg7 Kf6 54. Rg8 Rxc4 55. Kf3 Rb4 56. g4 Rxb5 57. g5+ Kf7 58. Rh8 Bf8 59. Rh7+ Bg7 60. h5 gxh5 61. Kf4 Kg6 62. Rxg7+ Kxg7 63. Kf5 c4+ 64. Ke6 Rxg5 65. Kd7 Rc5 66. Ke7 c3 67. Ke6 c2 68. Kd7 c1Q 69. Kd8 Kf7 70. Kd7 Qa1 71. Kd8 Qa8+ 72. Kd7 Qe8# 0-1

[Event "Daventry 4NCL Easter op"]
[Site "Daventry"]
[Date "2025.04.20"]
[Round "5"]
[White "Miller, George"]
[Black "Shivakumar, Akshath"]
[Result "1-0"]
[WhiteElo "1880"]
[BlackElo "1864"]
[PlyCount "71"]
[EventDate "2025.04.18"]
[EventType "swiss"]
[EventRounds "7"]
[EventCountry "ENG"]
[SourceTitle "CB17_2025"]
[SourceDate "2025.04.23"]
[SourceVersion "1"]
[SourceVersionDate "2025.04.23"]
[SourceQuality "1"]

1. e4 e6 2. d4 d5 3. Bd3 dxe4 4. Bxe4 Nf6 5. Bf3 Be7 6. Ne2 0-0 7. 0-0 c6 8. c4 Nbd7 9. Nbc3 e5 10. d5 cxd5 11. cxd5 Nc5 12. Ng3 a6 13. b4 e4 14. bxc5 exf3 15. d6 fxg2 16. Kxg2 Qd7 17. dxe7 Qh3+ 18. Kg1 Re8 19. f3 Be6 20. Bg5 Rxe7 21. Bxf6 gxf6 22. Qd4 Rd7 23. Qf4 f5 24. Qg5+ Kh8 25. Qf6+ Kg8 26. Nce2 Rd2 27. Qg5+ Kh8 28. Qxd2 Rg8 29. Qd4+ Rg7 30. Qd8+ Rg8 31. Qf6+ Rg7 32. Nf4 Qxf1+ 33. Kxf1 Bc4+ 34. Kf2 Be6 35. Ngh5 h6 36. Qxg7# 1-0

[Event "Daventry 4NCL Easter op"]
[Site "Daventry"]
[Date "2025.04.20"]
[Round "4"]
[White "Shivakumar, Akshath"]
[Black "Ansari, Athar"]
[Result "0-1"]
[WhiteElo "1864"]
[BlackElo "1952"]
[PlyCount "66"]
[EventDate "2025.04.18"]
[EventType "swiss"]
[EventRounds "7"]
[EventCountry "ENG"]
[SourceTitle "CB17_2025"]
[SourceDate "2025.04.23"]
[SourceVersion "1"]
[SourceVersionDate "2025.04.23"]
[SourceQuality "1"]

1. d4 d5 2. c4 c6 3. Nf3 Nf6 4. Nc3 e6 5. Bg5 Nbd7 6. e3 Qa5 7. a3 Ne4 8. Rc1 dxc4 9. Bf4 Nxc3 10. Rxc3 Bxa3 11. Nd2 Bxb2 12. Rxc4 Bc3 13. e4 e5 14. dxe5 Nb6 15. Rxc3 Qxc3 16. Be2 Be6 17. 0-0 Rd8 18. Bg4 Nc4 19. Bxe6 fxe6 20. Qg4 Kd7 21. Rb1 Nb6 22. Be3 Kc8 23. Qxg7 Rhe8 24. Qf7 Qd3 25. Bg5 Qxb1+ 26. Nf1 Kb8 27. Bxd8 Rxd8 28. Qxh7 Rd1 29. g4 Rxf1+ 30. Kg2 Rg1+ 31. Kf3 Qd1+ 32. Kf4 Rxg4+ 33. Ke3 Nc4# 0-1

[Event "Shropshire op"]
[Site "Shropshire"]
[Date "2025.01.05"]
[Round "4"]
[White "Okhai, Shabir"]
[Black "Shivakumar, Akshath"]
[Result "1-0"]
[WhiteElo "2080"]
[BlackElo "1737"]
[PlyCount "73"]
[EventDate "2025.01.03"]
[EventType "swiss"]
[EventRounds "5"]
[EventCountry "ENG"]
[SourceTitle "CB02_2025"]
[SourceDate "2025.01.08"]
[SourceVersion "1"]
[SourceVersionDate "2025.01.08"]
[SourceQuality "1"]

1. e4 e6 2. d4 d5 3. Nc3 Bb4 4. e5 c5 5. a3 Bxc3+ 6. bxc3 Ne7 7. Qg4 cxd4 8. Bd3 Qc7 9. Ne2 Nbc6 10. cxd4 Bd7 11. 0-0 Ng6 12. c3 0-0-0 13. a4 f6 14. f4 f5 15. Qg3 Na5 16. Ba3 Nc4 17. Bc5 Bc6 18. a5 b6 19. axb6 axb6 20. Bb4 Bb5 21. Ra2 Kb7 22. Rb1 Qc6 23. h4 Ra8 24. Rxa8 Rxa8 25. h5 Nd2 26. Re1 Nh8 27. Bxb5 Qxb5 28. Qxg7+ Kc6 29. Qe7 Ra2 30. Qe8+ Kb7 31. Qxb5 Ne4 32. Bc5 Nxc5 33. dxc5 Ra6 34. Qd7+ Ka8 35. Qc8+ Ka7 36. c6 Nf7 37. Qb7# 1-0

[Event "BCF-ch U12"]
[Site "Hull"]
[Date "2024.08.02"]
[Round "6"]
[White "Sui, Yueyue"]
[Black "Shivakumar, Akshath"]
[Result "1/2-1/2"]
[WhiteElo "1749"]
[BlackElo "1729"]
[PlyCount "92"]
[EventDate "2024.07.28"]
[EventType "swiss"]
[EventRounds "7"]
[EventCountry "ENG"]
[SourceTitle "EXT 2025"]
[Source "ChessBase"]
[SourceDate "2024.10.14"]
[SourceVersion "1"]
[SourceVersionDate "2024.10.14"]
[SourceQuality "1"]

1. d4 e6 2. c4 f5 3. Nc3 Nf6 4. g3 c6 5. Bg2 d5 6. cxd5 exd5 7. Nf3 Bd6 8. Bf4 0-0 9. Rb1 Ne4 10. Qc1 b6 11. b4 Re8 12. e3 Ba6 13. Bf1 Bxf1 14. Kxf1 Bxf4 15. gxf4 Qe7 16. Ke2 Nd7 17. Rg1 Qf6 18. Nxe4 Rxe4 19. Ne5 Nxe5 20. fxe5 Qh6 21. Rg3 f4 22. Rf3 fxe3 23. Rxe3 Rxd4 24. e6 Rc4 25. Qb2 Re8 26. Qe5 Re4 27. Rxe4 dxe4 28. Rd1 Qxe6 29. Qxe6+ Rxe6 30. Rd7 a5 31. bxa5 bxa5 32. Ra7 Re5 33. Ra6 Rb5 34. a4 Rc5 35. Ra7 h6 36. Ra6 Kf7 37. Ke3 Ke6 38. Kxe4 Rc4+ 39. Ke3 Rxa4 40. Rxc6+ Kf5 41. Kf3 Ra3+ 42. Kg2 a4 43. Rc5+ Ke4 44. Rc6 Kf5 45. Rc5+ Kg6 46. Rc6+ Kf5 1/2-1/2

[Event "BCF-ch U12"]
[Site "Hull"]
[Date "2024.08.01"]
[Round "5"]
[White "Shivakumar, Akshath"]
[Black "Catabay, Rezin C"]
[Result "1/2-1/2"]
[WhiteElo "1729"]
[BlackElo "1704"]
[PlyCount "80"]
[EventDate "2024.07.28"]
[EventType "swiss"]
[EventRounds "7"]
[EventCountry "ENG"]
[SourceTitle "EXT 2025"]
[Source "ChessBase"]
[SourceDate "2024.10.14"]
[SourceVersion "1"]
[SourceVersionDate "2024.10.14"]
[SourceQuality "1"]

1. d4 Nf6 2. Bg5 Ne4 3. Bf4 d5 4. f3 Nf6 5. Nc3 c6 6. Qd3 Nh5 7. Bg5 h6 8. Bh4 g5 9. Bf2 f5 10. e4 e6 11. 0-0-0 Qf6 12. exd5 Nf4 13. Qe3 Nxd5 14. Nxd5 cxd5 15. h4 Be7 16. hxg5 Qxg5 17. f4 Qg7 18. Nf3 Nc6 19. Bd3 Bd7 20. Kb1 0-0-0 21. Ne5 Qg8 22. g3 Bd6 23. c4 Re8 24. Nxd7 Kxd7 25. cxd5 exd5 26. Bxf5+ Kd8 27. Qf3 Qf7 28. Bd3 a6 29. Rh5 Ne7 30. Rdh1 Qe6 31. f5 Qf6 32. Be3 Ng8 33. g4 Qf7 34. Bxh6 Rxh6 35. Rxh6 Nxh6 36. Rxh6 Re1+ 37. Kc2 Qc7+ 38. Kb3 Qb6+ 39. Kc2 Qc6+ 40. Kb3 Qb6+ 1/2-1/2